000 00900nam a2200289 a 4500
001 000108480
003 CHAP
005 20220329144014.0
008 140218s2011 mx b |r| |||1|||spa|d
010 _a104942
011 _a105914
020 _a9786079529123
040 _cCHAP
082 0 4 _a551.6
_bQ31
245 0 3 _aEl Qué y los porqués del cambio climático global /
_cpor María de Lourdes de la Isla de Bauer.
260 3 _aTexcoco, Méx. :
_bComité de Acción para el Saneamiento del Ambiente,
_c2011.
300 _a187 p. :
_bmaps.
590 _aE11695DGD
_b10
_c20140224
_lUCH01
_h1004
590 _aE792CSJ
_b05
_c20140218
_lUCH01
_h0941
650 1 4 _aCambio climático.
_917781
650 1 4 _aCultivos y clima.
_930392
650 1 4 _aEfecto invernadero.
_935743
700 0 _aIsla de Bauer, María de Lourdes de la
_ecomp.
_960567
901 _aBK
942 _cLIBRO
942 _n0
999 _c104942
_d104942